000 00294pam a2200121 a 4500
020 _c
041 _h
082 _a750
_bBAI
100 _aMartin Bailey.
245 _aThe Falia Society Book of the Greatest Paintings
_hTextual Documents
260 _a[s.l:
_bs.n.]
_c2004.
930 _a6113
999 _c239903
_d239903